|
|
|
|
| LEADER |
01633nam a2200409Ia 4500 |
| 001 |
EBC581404 |
| 003 |
MiAaPQ |
| 005 |
20200520144314.0 |
| 006 |
m o d | |
| 007 |
cr cn||||||||| |
| 008 |
100610s2010 enka sb 000 0 eng d |
| 020 |
|
|
|z 9780857243058 (hbk.)
|
| 020 |
|
|
|z 0857243055 (hbk.)
|
| 020 |
|
|
|a 0857243063 (electronic bk.)
|
| 020 |
|
|
|a 9780857243065 (electronic bk.)
|
| 035 |
|
|
|a (MiAaPQ)EBC581404
|
| 035 |
|
|
|a (Au-PeEL)EBL581404
|
| 035 |
|
|
|a (CaPaEBR)ebr10412726
|
| 035 |
|
|
|a (CaONFJC)MIL275298
|
| 035 |
|
|
|a (OCoLC)664699652
|
| 040 |
|
|
|a MiAaPQ
|c MiAaPQ
|d MiAaPQ
|
| 050 |
|
4 |
|a HD58.7
|b .A3816 2010
|
| 245 |
0 |
0 |
|a Advances in business marketing and purchasing.
|n Volume 16,
|p Organizational culture, business-to-business relationships, and interfirm networks
|h [electronic resource] /
|c edited by Arch G. Woodside.
|
| 260 |
|
|
|a Bingley, UK :
|b Emerald,
|c 2010.
|
| 300 |
|
|
|a ix, 503 p. :
|b ill.
|
| 490 |
1 |
|
|a Advances in business marketing and purchasing ;
|v 16
|
| 504 |
|
|
|a Includes bibliographical references.
|
| 533 |
|
|
|a Electronic reproduction. Ann Arbor, MI : ProQuest, 2015. Available via World Wide Web. Access may be limited to ProQuest affiliated libraries.
|
| 650 |
|
0 |
|a Business networks.
|
| 650 |
|
0 |
|a Strategic alliances (Business)
|
| 650 |
|
0 |
|a Interorganizational relations.
|
| 650 |
|
0 |
|a Corporate culture.
|
| 655 |
|
4 |
|a Electronic books.
|
| 700 |
1 |
|
|a Woodside, Arch G.
|
| 710 |
2 |
|
|a ProQuest (Firm)
|
| 830 |
|
0 |
|a Advances in business marketing & purchasing ;
|v v. 16.
|
| 856 |
4 |
0 |
|u https://ebookcentral.proquest.com/lib/matrademy/detail.action?docID=581404
|z Click to View
|